[Event "14th EUR-ch"]
[Site "Legnica POL"]
[Date "2013.05.10"]
[Round "6"]
[White "Melkumian, Hrant"]
[Black "Airapetian, Yury"]
[Result "1-0"]
[WhiteElo "2622"]
[BlackElo "2498"]
[EventDate "2013.05.05"]
[PlyCount "55"]

1.d4 f5 2.Nf3 Nf6 3.c4 g6 4.Nc3 Bg7 5.Bf4 d6 6.h3 O-O 7.e3 c6 8.Be2 Ne4 9.
O-O Nd7 10.Qb3 e5 11.Bh2 Qe7 12.Nxe4 fxe4 13.Nd2 Kh8 14.Nxe4 exd4 15.Nxd6 
Nc5 16.Qa3 Ne6 17.Bg4 h5 18.Bxe6 Bxe6 19.Rae1 Qg5 20.exd4 Bxd4 21.Qd3 Bc5 
22.Qc3+ Kh7 23.Rxe6 Rxf2 24.Rxf2 Rf8 25.Ne4 Bxf2+ 26.Nxf2 Rxf2 27.Kxf2 
Qf5+ 28.Kg1 1-0

[Event "14th EUR-ch"]
[Site "Legnica POL"]
[Date "2013.05.10"]
[Round "6"]
[White "Zontakh, Andriy"]
[Black "Grigorian, Avetik"]
[Result "1-0"]
[WhiteElo "2521"]
[BlackElo "2616"]
[EventDate "2013.05.05"]
[PlyCount "79"]

1.d4 Nf6 2.c4 e6 3.Nf3 d5 4.g3 Bb4+ 5.Bd2 Be7 6.Bg2 c6 7.Bf4 O-O 8.O-O 
Nbd7 9.Nc3 dxc4 10.e4 Re8 11.a4 b6 12.d5 exd5 13.exd5 Bb7 14.a5 bxa5 15.d6
Bf8 16.Nd2 Nb6 17.Nde4 Nxe4 18.Nxe4 Nd5 19.Bg5 Qb6 20.d7 Reb8 21.Qg4 Ba6 
22.Nf6+ Nxf6 23.Bxf6 c3 24.Bxc3 Bxf1 25.Bxf1 g6 26.Bc4 Bg7 27.Qf3 Rf8 28.
Bxa5 Qxb2 29.Rd1 Bf6 30.Qxc6 Kg7 31.Kg2 h5 32.h4 Qe5 33.Bc7 Qf5 34.Rd3 g5 
35.Rf3 Qg6 36.Qd5 Kg8 37.hxg5 Qxg5 38.Rf5 Qg7 39.Qf3 Bd8 40.Rxf7 1-0

[Event "14th EUR-ch"]
[Site "Legnica POL"]
[Date "2013.05.10"]
[Round "6"]
[White "Tratar, Marko"]
[Black "Rakhmanov, Aleksandr"]
[Result "1/2-1/2"]
[WhiteElo "2498"]
[BlackElo "2616"]
[EventDate "2013.05.05"]
[PlyCount "138"]

1.Nf3 d5 2.d4 Nc6 3.c4 Bg4 4.e3 e6 5.Nbd2 Nf6 6.Be2 Bb4 7.O-O O-O 8.h3 Bh5
9.a3 Bxd2 10.Bxd2 Ne4 11.Bc3 a5 12.Nd2 Bxe2 13.Qxe2 Nxd2 14.Bxd2 a4 15.
Rac1 Re8 16.Rfd1 Ra6 17.Bc3 Ne7 18.Bb4 Nc6 19.Bc3 Na7 20.Bb4 c6 21.Bc5 Nc8
22.Qc2 h6 23.Qd3 Nb6 24.Bxb6 Rxb6 25.Qe2 Rb3 26.Rd3 Qb6 27.Rxb3 Qxb3 28.
Rc3 Qa2 29.Qc2 Ra8 30.cxd5 exd5 31.b4 axb3 32.Qxb3 Qxb3 33.Rxb3 b5 34.Rc3 
Ra6 35.f3 Kf8 36.e4 dxe4 37.fxe4 Ke7 38.Kf2 Kd6 39.Ke3 f6 40.h4 h5 41.Kf4 
Ra4 42.Rd3 g6 43.Ke3 Rc4 44.Kf4 Ke7 45.Ke3 Rc2 46.g3 Kd6 47.Kf4 Rf2+ 48.
Ke3 Rf1 49.Ke2 Rc1 50.Ke3 Re1+ 51.Kf4 Rf1+ 52.Ke3 f5 53.exf5 gxf5 54.Rc3 
Rd1 55.Rc5 Re1+ 56.Kf2 Ra1 57.Rxf5 Ra2+ 58.Ke3 Rxa3+ 59.Ke4 Rxg3 60.Rxh5 
b4 61.Rh6+ Kc7 62.d5 Rg4+ 63.Ke5 cxd5 64.Kxd5 b3 65.Rc6+ Kb7 66.Rc1 Kb6 
67.Rb1 Rb4 68.h5 Ka5 69.h6 Rh4 1/2-1/2

[Event "14th EUR-ch"]
[Site "Legnica POL"]
[Date "2013.05.10"]
[Round "6"]
[White "Macieja, Bartlomiej"]
[Black "Kanarek, Marcel"]
[Result "0-1"]
[WhiteElo "2600"]
[BlackElo "2474"]
[EventDate "2013.05.05"]
[PlyCount "76"]

1.c4 Nf6 2.Nf3 c5 3.Nc3 Nc6 4.g3 g6 5.Bg2 d6 6.d4 cxd4 7.Nxd4 Bd7 8.O-O 
Bg7 9.Nxc6 Bxc6 10.e4 O-O 11.Re1 a5 12.Rb1 a4 13.b4 axb3 14.axb3 Nd7 15.
Nd5 Bxd5 16.cxd5 Ra2 17.Bh3 Nc5 18.b4 Na4 19.Qd3 Qc7 20.Be3 Qc2 21.Bf1 Nc3
22.Qxc2 Rxc2 23.Bd3 Ra2 24.Rb3 Rfa8 25.b5 Ra1 26.Rxa1 Rxa1+ 27.Kg2 Ra2 28.
Rb4 Nd1 29.Bb6 Nb2 30.Bb1 Ra1 31.Bc2 Rc1 32.Bb3 Bc3 33.Be3 Ra1 34.Rd4 Bxd4
35.Bxd4 Ra5 36.b6 Rb5 37.Ba2 Rb4 38.Be3 Rxe4 0-1

[Event "14th EUR-ch"]
[Site "Legnica POL"]
[Date "2013.05.10"]
[Round "6"]
[White "Salgado Lopez, Ivan"]
[Black "Stachowiak, Kamil"]
[Result "1-0"]
[WhiteElo "2598"]
[BlackElo "2468"]
[EventDate "2013.05.05"]
[PlyCount "140"]

1.e4 c5 2.Nf3 e6 3.c3 Nf6 4.e5 Nd5 5.Bc4 d6 6.d4 cxd4 7.cxd4 Nc6 8.O-O Be7
9.a3 O-O 10.Re1 Qb6 11.exd6 Bxd6 12.Nc3 Nce7 13.Qd3 h6 14.Ba2 Bd7 15.Bb1 
f5 16.Ba2 Rfe8 17.Bd2 Rac8 18.Rab1 a6 19.h4 Kh8 20.h5 Rcd8 21.Qe2 Nf6 22.
Ne5 Bxe5 23.dxe5 Ne4 24.Nxe4 Bb5 25.Qe3 Qxe3 26.Bxe3 fxe4 27.Bb6 Rd2 28.
Ba5 Re2 29.Rxe2 Bxe2 30.Re1 Bxh5 31.Rxe4 Nc6 32.Bb6 Bg6 33.Re1 Bf5 34.f3 
h5 35.Kf2 Kg8 36.f4 Kf7 37.b4 Rc8 38.Rc1 Ne7 39.Rxc8 Nxc8 40.Bc5 Ne7 41.
Bxe7 Kxe7 42.Kg3 Be4 43.Bc4 Kf7 44.Kh3 g6 45.g3 Bc2 46.Kh4 Bb1 47.Kg5 Bc2 
48.Kh6 Be4 49.a4 Bc2 50.a5 Be4 51.Be2 Kg8 52.Kg5 Kf7 53.Bc4 Bc2 54.g4 hxg4
55.Kxg4 Be4 56.Kg3 Ke7 57.Kf2 Kd7 58.Ke3 Bf5 59.Kd4 Kc6 60.Be2 Bb1 61.Bf3+
Kc7 62.Ke3 Bc2 63.Kf2 Bd3 64.Kg3 b6 65.Kf2 Bc4 66.Be4 Bb3 67.Ke3 Bd1 68.
Bxg6 Kc6 69.Be4+ Kb5 70.Bd3+ Kc6 1-0

[Event "14th EUR-ch"]
[Site "Legnica POL"]
[Date "2013.05.10"]
[Round "6"]
[White "Predke, Alexander"]
[Black "Grigoriants, Sergei"]
[Result "1/2-1/2"]
[WhiteElo "2494"]
[BlackElo "2579"]
[EventDate "2013.05.05"]
[PlyCount "208"]

1.c4 Nf6 2.Nc3 e5 3.Nf3 Nc6 4.g3 Bb4 5.Bg2 O-O 6.O-O Re8 7.d3 Bxc3 8.bxc3 
e4 9.Nd4 exd3 10.exd3 h6 11.Be3 Ne5 12.c5 d5 13.h3 b6 14.Nf3 Ned7 15.cxb6 
axb6 16.Qd2 Nf8 17.Nh2 c5 18.f4 Ra7 19.Nf3 Ng6 20.Rab1 Rae7 21.Rfe1 Qd6 
22.Bf2 h5 23.Qb2 Rxe1+ 24.Nxe1 h4 25.Qxb6 Qxb6 26.Rxb6 hxg3 27.Bxg3 Nh5 
28.Bf2 Nhxf4 29.Rb8 Ne2+ 30.Kh2 Nxc3 31.Bxc5 Nf4 32.Bb4 Nxa2 33.Bd2 Nxg2 
34.Nxg2 d4 35.Rb2 Nc3 36.Bxc3 dxc3 37.Rb3 c2 38.Rc3 Bf5 39.Rxc2 Bxd3 40.
Rd2 Be4 41.Re2 f5 42.h4 Ra8 43.Kg3 Ra4 44.Nf4 Ra3+ 45.Kh2 Kf7 46.Rd2 Kf6 
47.Nh5+ Ke5 48.Nxg7 f4 49.Nh5 Ra1 50.Ng3 fxg3+ 51.Kxg3 Rg1+ 52.Kf2 Rg2+ 
53.Ke3 Rg3+ 54.Ke2 Kf4 55.h5 Rh3 56.h6 Rxh6 57.Kf2 Bf3 58.Rd4+ Be4 59.Rd2 
Rh3 60.Ke2 Rg3 61.Kf2 Bd3 62.Rb2 Rf3+ 63.Ke1 Ke4 64.Rf2 Rh3 65.Kd2 Kd4 66.
Rf4+ Be4 67.Rf2 Ra3 68.Ke2 Rb3 69.Kd2 Bf3 70.Ke1 Ra3 71.Rd2+ Ke4 72.Kf2 
Kf4 73.Rd4+ Be4 74.Rd2 Rg3 75.Ke2 Rh3 76.Kf2 Bd3 77.Ke1 Rh1+ 78.Kf2 Ke4 
79.Kg3 Ke3 80.Rh2 Rg1+ 81.Rg2 Rf1 82.Kg4 Be2+ 83.Kg5 Rf8 84.Rh2 Bd3 85.
Rh3+ Kd4 86.Rg3 Be4 87.Rg1 Ke5 88.Rg3 Bf3 89.Kh4 Kf4 90.Rg4+ Ke3 91.Rg7 
Rf5 92.Rg5 Rf7 93.Kg3 Re7 94.Rg6 Rh7 95.Rg5 Rh1 96.Re5+ Be4 97.Rg5 Rf1 98.
Kg4 Rf4+ 99.Kg3 Bf5 100.Rg7 Be6 101.Rg6 Bf5 102.Rg7 Rf3+ 103.Kh4 Kf4 104.
Rg4+ Bxg4 1/2-1/2

[Event "14th EUR-ch"]
[Site "Legnica POL"]
[Date "2013.05.10"]
[Round "6"]
[White "Drozdowski, Kacper"]
[Black "Brkic, Ante"]
[Result "1-0"]
[WhiteElo "2435"]
[BlackElo "2575"]
[EventDate "2013.05.05"]
[PlyCount "117"]

1.e4 c5 2.Nf3 d6 3.d4 cxd4 4.Qxd4 Nf6 5.Bg5 Nc6 6.Bb5 Qa5+ 7.Nc3 Qxb5 8.
Nxb5 Nxd4 9.Nfxd4 Nxe4 10.Nc7+ Kd8 11.Nxa8 Nxg5 12.Nb5 a6 13.Nc3 Bf5 14.
O-O-O Ne4 15.Nxe4 Bxe4 16.f3 Bc6 17.Nb6 h5 18.Nc4 Kc7 19.Rd4 g5 20.Na5 Bd7
21.Re1 b5 22.Nb3 e6 23.Nd2 d5 24.Rd3 Bd6 25.h3 Rg8 26.g4 Rh8 27.a3 Bf4 28.
Kb1 hxg4 29.hxg4 Bc6 30.Nb3 e5 31.Red1 Rh3 32.Nc5 a5 33.b4 a4 34.Rf1 d4 
35.c3 Be3 36.cxd4 exd4 37.Ne4 Bd5 38.Rdd1 Rxf3 39.Nf6 Bc6 40.Rxf3 Bxf3 41.
Rf1 Bg2 42.Rf5 Kd6 43.Kc2 Bf4 44.Kd3 Ke6 45.Ne4 Be5 46.Nxg5+ Kd5 47.Rf2 f6
48.Rxg2 fxg5 49.Rc2 Bd6 50.Rc8 Be7 51.Rb8 Kc6 52.Re8 Kd6 53.Kxd4 Bf6+ 54.
Ke4 Bb2 55.Rd8+ Ke7 56.Rd5 Bxa3 57.Rxb5 Kd6 58.Kd3 Bc1 59.Ra5 1-0

[Event "14th EUR-ch"]
[Site "Legnica POL"]
[Date "2013.05.10"]
[Round "6"]
[White "Kislinsky, Alexey"]
[Black "Svane, Rasmus"]
[Result "1-0"]
[WhiteElo "2574"]
[BlackElo "2440"]
[EventDate "2013.05.05"]
[PlyCount "105"]

1.e4 e6 2.d4 d5 3.Nd2 c5 4.c3 cxd4 5.cxd4 dxe4 6.Nxe4 Be7 7.Nf3 Nf6 8.Bd3 
Bd7 9.Nc3 Bc6 10.O-O Nbd7 11.Qe2 O-O 12.Rd1 Nd5 13.Be3 Rc8 14.a3 Qa5 15.
Ne4 Nxe3 16.fxe3 Qb6 17.Nc3 Bxf3 18.gxf3 Rcd8 19.f4 f5 20.Rd2 Nf6 21.Rc1 
Nd5 22.Qf3 Nxc3 23.Rxc3 Rc8 24.Bc4 Kh8 25.Rdc2 Rc6 26.h4 h6 27.h5 Bf6 28.
Kf1 Rfc8 29.Qe2 a6 30.Qd3 R6c7 31.Ke1 Qc6 32.Kd2 Qe8 33.Ba2 Rc6 34.Rxc6 
Rxc6 35.Rxc6 Qxc6 36.Qc4 Qg2+ 37.Kc3 Qg1 38.Qc8+ Kh7 39.Bxe6 Qc1+ 40.Kb3 
Qxc8 41.Bxc8 b6 42.Bxf5+ Kg8 43.Kc4 Bh4 44.e4 Kf8 45.Bc8 a5 46.a4 Bg3 47.
f5 Bf2 48.e5 Bg3 49.Kd5 Bf2 50.Ke4 Ke7 51.Ba6 Bg1 52.Bb5 Bf2 53.d5 1-0

[Event "14th EUR-ch"]
[Site "Legnica POL"]
[Date "2013.05.10"]
[Round "6"]
[White "Nasuta, Grzegorz"]
[Black "Mista, Aleksander"]
[Result "1-0"]
[WhiteElo "2299"]
[BlackElo "2574"]
[EventDate "2013.05.05"]
[PlyCount "143"]

1.e4 e5 2.Nf3 Nc6 3.Bb5 a6 4.Ba4 Nf6 5.O-O Be7 6.Re1 b5 7.Bb3 O-O 8.c3 d6 
9.h3 Nb8 10.d4 Nbd7 11.c4 Bb7 12.Nc3 c6 13.a3 Qc7 14.Be3 exd4 15.Nxd4 Nc5 
16.Nf5 Nxb3 17.Qxb3 Rfe8 18.Bd4 Bc8 19.Nxe7+ Qxe7 20.e5 dxe5 21.Rxe5 Be6 
22.Qc2 Qd6 23.Rd1 Bxc4 24.Rg5 Qe6 25.Qd2 h6 26.Re5 Qd7 27.Qf4 Bb3 28.Rd2 
Rad8 29.Rxe8+ Nxe8 30.Ne4 Bd5 31.Bb6 Ra8 32.Nc3 Qb7 33.Nxd5 cxd5 34.Ba5 
Nf6 35.f3 Qa7+ 36.Kh2 Qd7 37.Bc3 Ne8 38.Qe5 Rd8 39.Ba5 f6 40.Qe3 Rc8 41.
Qd4 Qd6+ 42.g3 Rc4 43.Qxd5+ Qxd5 44.Rxd5 Rc2+ 45.Rd2 Rxd2+ 46.Bxd2 Kf7 47.
g4 Ke6 48.Kg3 Nd6 49.Bb4 Nc4 50.b3 Ne3 51.Kf2 Nc2 52.Bc3 Kd5 53.f4 Ke4 54.
f5 b4 55.axb4 Kd3 56.b5 axb5 57.Ba5 b4 58.Bb6 Kc3 59.Bc5 Kxb3 60.Bf8 Kc4 
61.Bxg7 b3 62.Bxf6 Nb4 63.h4 Kd5 64.Ke3 Kd6 65.Kd2 Nd5 66.Bg7 h5 67.gxh5 
Ke7 68.h6 Kf7 69.h5 Kg8 70.f6 Nf4 71.f7+ Kxf7 72.Be5 1-0

[Event "14th EUR-ch"]
[Site "Legnica POL"]
[Date "2013.05.10"]
[Round "6"]
[White "Yakovenko, Dmitry"]
[Black "Golub, Dan"]
[Result "1-0"]
[WhiteElo "2731"]
[BlackElo "2305"]
[EventDate "2013.05.05"]
[PlyCount "75"]

1.Nf3 Nf6 2.c4 e6 3.Nc3 d5 4.d4 Bb4 5.cxd5 Nxd5 6.Bd2 O-O 7.e4 Nxc3 8.bxc3
Ba5 9.Bc4 c5 10.O-O Nc6 11.Rc1 Bb6 12.Bg5 f6 13.Be3 Qe7 14.Qe2 Na5 15.Bd3 
Bd7 16.Nd2 Rac8 17.Nc4 Nxc4 18.Bxc4 cxd4 19.cxd4 Kh8 20.h4 f5 21.Bg5 Qe8 
22.exf5 exf5 23.d5 Qg6 24.Be7 Rce8 25.h5 Qg3 26.Bxf8 Rxe2 27.Bxe2 f4 28.
Bc5 Qg5 29.Bxb6 axb6 30.Bf3 Kg8 31.Rc7 Bg4 32.Re1 Kf8 33.Bxg4 Qxg4 34.Rc4 
Qg5 35.d6 f3 36.g3 Qd8 37.Rf4+ Kg8 38.Rxf3 1-0

[Event "14th EUR-ch"]
[Site "Legnica POL"]
[Date "2013.05.10"]
[Round "6"]
[White "Godena, Michele"]
[Black "Akopian, Vladimir"]
[Result "1/2-1/2"]
[WhiteElo "2511"]
[BlackElo "2705"]
[EventDate "2013.05.05"]
[PlyCount "80"]

1.e4 Nf6 2.e5 Nd5 3.d4 d6 4.Nf3 dxe5 5.Nxe5 c6 6.Be2 Nd7 7.Nf3 N7f6 8.c4 
Nb6 9.h3 Bf5 10.Nc3 e6 11.Be3 Be7 12.O-O O-O 13.Nh4 Bg6 14.Nxg6 hxg6 15.
Bf4 Qd7 16.Qd3 Rfd8 17.Rfd1 Qe8 18.Qe3 Nc8 19.d5 exd5 20.cxd5 Nxd5 21.Nxd5
Rxd5 22.Rxd5 cxd5 23.Bf3 Qd7 24.Rc1 Bd8 25.Qb3 Ne7 26.Rd1 Bb6 27.Bxd5 Nxd5
28.Qxd5 Qa4 29.Qf3 Qxa2 30.Qxb7 Re8 31.Qd7 Re2 32.Be3 Qxb2 33.Bxb6 Qxb6 
34.Qd8+ Qxd8 35.Rxd8+ Kh7 36.Rd7 f6 37.Rxa7 g5 38.g3 Kg6 39.Kg2 Rb2 40.Ra5
Rb3 1/2-1/2

[Event "14th EUR-ch"]
[Site "Legnica POL"]
[Date "2013.05.10"]
[Round "6"]
[White "Ardelean, George-Catalin"]
[Black "Cheparinov, Ivan"]
[Result "1/2-1/2"]
[WhiteElo "2510"]
[BlackElo "2700"]
[EventDate "2013.05.05"]
[PlyCount "86"]

1.e4 c5 2.c3 d5 3.exd5 Qxd5 4.d4 Nc6 5.Nf3 Bf5 6.Be3 Nf6 7.Qb3 O-O-O 8.
dxc5 e5 9.Nbd2 Qd7 10.Bb5 Ng4 11.O-O-O Nxe3 12.fxe3 Qc7 13.Qa3 Kb8 14.Nc4 
Be7 15.Ba4 Na5 16.Nxa5 Qxa5 17.b4 Qa6 18.Qb3 Bf6 19.c4 Qe6 20.Qc3 Be4 21.
Rxd8+ Rxd8 22.Rd1 Rxd1+ 23.Bxd1 Bxf3 24.gxf3 e4 25.Qb3 g5 26.fxe4 Qe5 27.
h3 Qxe4 28.Be2 Qe5 29.Qd3 Qa1+ 30.Kd2 Qb2+ 31.Kd1 Qa1+ 32.Kd2 Qxa2+ 33.Ke1
Qa1+ 34.Kf2 Qe5 35.Bf3 h6 36.Qd7 Qe7 37.Qd5 Qc7 38.b5 Bc3 39.Qe4 Bb4 40.
Qe8+ Qc8 41.Qe5+ Qc7 42.Qh8+ Qc8 43.Qxh6 Qxc5 1/2-1/2

[Event "14th EUR-ch"]
[Site "Legnica POL"]
[Date "2013.05.10"]
[Round "6"]
[White "Sutovsky, Emil"]
[Black "Wagner, Dennis"]
[Result "1/2-1/2"]
[WhiteElo "2673"]
[BlackElo "2487"]
[EventDate "2013.05.05"]
[PlyCount "81"]

1.e4 e5 2.Nf3 Nc6 3.Bb5 a6 4.Ba4 Nf6 5.O-O Be7 6.d3 b5 7.Bb3 d6 8.a4 Bd7 
9.Be3 O-O 10.h3 Na5 11.Ba2 bxa4 12.Nc3 Rb8 13.Bb1 c5 14.Nxa4 Qc7 15.Bd2 
Nc6 16.Ba2 Nd4 17.Nxd4 cxd4 18.Bc4 Nxe4 19.Ba5 Qxa5 20.dxe4 Qc7 21.b3 Bb5 
22.Nb2 Kh8 23.Qe2 Qd7 24.Bxb5 axb5 25.Nd3 f5 26.Nb4 fxe4 27.Qxe4 Qb7 28.f3
Bg5 29.Nd5 Rbc8 30.Kh1 Bh6 31.b4 Rc4 32.Ra5 Qc6 33.Rfa1 Rxc2 34.Ra6 Rc1+ 
35.Kh2 Bf4+ 36.Nxf4 Qxe4 37.fxe4 Rxa1 38.Rxa1 exf4 39.Rd1 Re8 40.Rxd4 Kg8 
41.Kg1 1/2-1/2

[Event "14th EUR-ch"]
[Site "Legnica POL"]
[Date "2013.05.10"]
[Round "6"]
[White "Georgiev, Kiril"]
[Black "Muzychuk, Mariya"]
[Result "1-0"]
[WhiteElo "2657"]
[BlackElo "2483"]
[EventDate "2013.05.05"]
[PlyCount "105"]

1.d4 Nf6 2.c4 g6 3.Nc3 d5 4.Bg5 Bg7 5.Nf3 Ne4 6.Bh4 Nxc3 7.bxc3 dxc4 8.
Qa4+ Nd7 9.e3 c5 10.Bxc4 O-O 11.Qa3 Qc7 12.Rc1 e5 13.O-O Nb6 14.Be2 Be6 
15.Bg3 Nc4 16.Qa4 Qa5 17.Qxa5 Nxa5 18.Nxe5 cxd4 19.cxd4 Bxa2 20.Ra1 Bxe5 
21.Rxa2 Bxg3 22.Rxa5 Bc7 23.Ra2 a5 24.Rb1 b6 25.Rc1 Ra7 26.g3 Rd8 27.Bb5 
Kf8 28.Rc4 Ke7 29.e4 f6 30.f4 Bb8 31.Kf2 Rc7 32.Rxc7+ Bxc7 33.Rc2 Bd6 34.
Ke3 h5 35.e5 fxe5 36.fxe5 Bxe5 37.dxe5 Rd5 38.Rb2 Rxe5+ 39.Kd4 Re6 40.Bc4 
Rd6+ 41.Ke5 Rf6 42.Ke4 g5 43.Bd5 h4 44.Ke5 a4 45.g4 a3 46.Ra2 Rf4 47.Rxa3 
Rxg4 48.Ra7+ Kf8 49.Kf6 Rf4+ 50.Kxg5 Rf2 51.h3 b5 52.Rb7 Rb2 53.Be6 1-0

[Event "14th EUR-ch"]
[Site "Legnica POL"]
[Date "2013.05.10"]
[Round "6"]
[White "Michiels, Bart"]
[Black "Meier, Georg"]
[Result "1/2-1/2"]
[WhiteElo "2505"]
[BlackElo "2655"]
[EventDate "2013.05.05"]
[PlyCount "36"]

1.e4 e6 2.d4 d5 3.Nc3 Nf6 4.Bg5 dxe4 5.Nxe4 Nbd7 6.Nxf6+ Nxf6 7.Nf3 h6 8.
Be3 Bd6 9.Bd3 O-O 10.Qd2 Nd5 11.Bxh6 gxh6 12.Qxh6 f5 13.Qg6+ Kh8 14.Qh6+ 
Kg8 15.Qg6+ Kh8 16.Qh6+ Kg8 17.Qg6+ Kh8 18.Qh6+ Kg8 1/2-1/2

[Event "14th EUR-ch"]
[Site "Legnica POL"]
[Date "2013.05.10"]
[Round "6"]
[White "Neverov, Valeriy"]
[Black "Timofeev, Artiom"]
[Result "1/2-1/2"]
[WhiteElo "2489"]
[BlackElo "2621"]
[EventDate "2013.05.05"]
[PlyCount "81"]

1.d4 d5 2.c4 dxc4 3.Nf3 Nf6 4.e3 e6 5.Bxc4 a6 6.O-O c5 7.Qe2 b5 8.Bd3 cxd4
9.exd4 Be7 10.a4 bxa4 11.Rxa4 O-O 12.Nc3 Bb7 13.Bg5 Nc6 14.Rd1 a5 15.Bxf6 
Bxf6 16.d5 exd5 17.Nxd5 g6 18.Bc4 Bg7 19.h4 Re8 20.Ne3 Qe7 21.Ng5 Ne5 22.
Bd5 h6 23.Bxb7 Qxb7 24.Ne4 Red8 25.h5 Kh7 26.Rxd8 Rxd8 27.Nc3 Nd3 28.Rxa5 
Qxb2 29.Qxb2 Nxb2 30.hxg6+ fxg6 31.Ncd5 Nd3 32.Ra7 Rf8 33.Ra2 Nf4 34.Nxf4 
Rxf4 35.g3 Rf7 36.Kg2 h5 37.Nd5 Bh6 38.Re2 Bg7 39.Re7 Rxe7 40.Nxe7 Bb2 41.
Nd5 1/2-1/2

[Event "14th EUR-ch"]
[Site "Legnica POL"]
[Date "2013.05.10"]
[Round "6"]
[White "Mamedov, Nidjat"]
[Black "Can, Emre"]
[Result "1-0"]
[WhiteElo "2602"]
[BlackElo "2471"]
[EventDate "2013.05.05"]
[PlyCount "66"]

1.e4 c5 2.Nf3 d6 3.d4 cxd4 4.Nxd4 Nf6 5.Nc3 g6 6.Be3 Bg7 7.f3 O-O 8.Qd2 
Nc6 9.Bc4 Bd7 10.Bb3 Na5 11.O-O-O Rb8 12.g4 b5 13.Bh6 Bxh6 14.Qxh6 b4 15.
Nd5 Nxb3+ 16.Nxb3 Nxd5 17.exd5 Rb6 18.h4 e5 19.Nd2 f5 20.Nc4 Ra6 21.h5 Qf6
22.hxg6 Qxg6 23.gxf5 Qxh6+ 24.Rxh6 Rxf5 25.Rg1+ Kf8 26.Rg3 Rf4 27.Nxe5 Bb5
28.Ng4 Rxa2 29.Nf6 Rd4 30.Kb1 Ra5 31.Rg1 Ke7 32.b3 Rf4 33.Rg7+ Kf8 1-0

[Event "14th EUR-ch"]
[Site "Legnica POL"]
[Date "2013.05.10"]
[Round "6"]
[White "Cernousek, Lukas"]
[Black "Durarbayli, Vasif"]
[Result "0-1"]
[WhiteElo "2476"]
[BlackElo "2597"]
[EventDate "2013.05.05"]
[PlyCount "50"]

1.d4 Nf6 2.c4 e6 3.g3 c5 4.Nf3 cxd4 5.Nxd4 Qc7 6.Nc3 a6 7.e4 Bb4 8.Qd3 b5 
9.f3 Nc6 10.cxb5 Ne5 11.Qd2 O-O 12.a3 Bc5 13.Be2 Bb7 14.b4 Ba7 15.bxa6 
Bxa6 16.Ncb5 Qb6 17.Nxa7 Bxe2 18.Kxe2 Rxa7 19.Rd1 d5 20.exd5 Nxd5 21.Ra2 
Rc8 22.Rc2 Rxc2 23.Nxc2 Rc7 24.Bb2 Qa6+ 25.Kf2 Nd3+ 0-1

[Event "14th EUR-ch"]
[Site "Legnica POL"]
[Date "2013.05.10"]
[Round "6"]
[White "Brunello, Sabino"]
[Black "Kjartansson, Gudmundur"]
[Result "1-0"]
[WhiteElo "2580"]
[BlackElo "2446"]
[EventDate "2013.05.05"]
[PlyCount "144"]

1.e4 e5 2.Nf3 Nf6 3.Nxe5 d6 4.Nf3 Nxe4 5.Nc3 Nxc3 6.dxc3 Be7 7.Be3 Nc6 8.
Qd2 Be6 9.Ng5 Bxg5 10.Bxg5 Qd7 11.h3 a6 12.c4 f6 13.Be3 O-O-O 14.O-O-O h6 
15.b3 f5 16.Qc3 Qf7 17.g3 Rhe8 18.Bg2 d5 19.h4 Rd7 20.Rhe1 Red8 21.cxd5 
Bxd5 22.Bh3 Kb8 23.Kb2 Rg8 24.Rd2 g5 25.Red1 Be6 26.Rxd7 Bxd7 27.hxg5 hxg5
28.Bf1 f4 29.Bc4 Be6 30.Bxe6 Qxe6 31.gxf4 g4 32.Rh1 b5 33.f5 Qe4 34.Rh6 
Kb7 35.Qc5 Re8 36.Rh7 Kb8 37.Rg7 Re5 38.Qf8+ Re8 39.Qf6 b4 40.Rg6 Kb7 41.
Rg7 Re5 42.Qd6 Re7 43.Rxe7 Nxe7 44.Qe6 Qxe6 45.fxe6 Kc6 46.Bf4 Kd5 47.Bxc7
Kxe6 48.a3 Nd5 49.Bg3 a5 50.a4 Kf5 51.Kc1 Ke4 52.Kd2 Kf3 53.Bh4 Nc3 54.Ke1
Ne4 55.Bd8 Nxf2 56.Bxa5 g3 57.Bb6 Ne4 58.a5 Nc3 59.a6 Nd5 60.Bc5 g2 61.a7 
Nc7 62.Bg1 Na8 63.Kd2 Ke4 64.Ke2 Nc7 65.Kf2 Kd4 66.Kxg2+ Kc3 67.Kf3 Kxc2 
68.Ke4 Kxb3 69.Bh2 Na8 70.Kd5 Ka4 71.Kc6 b3 72.Be5 Ka5 1-0

[Event "14th EUR-ch"]
[Site "Legnica POL"]
[Date "2013.05.10"]
[Round "6"]
[White "Fauland, Alexander"]
[Black "Kempinski, Robert"]
[Result "0-1"]
[WhiteElo "2449"]
[BlackElo "2580"]
[EventDate "2013.05.05"]
[PlyCount "28"]

1.Nf3 Nf6 2.g3 g6 3.Bg2 Bg7 4.d3 d5 5.c3 O-O 6.O-O Re8 7.Qb3 e5 8.e4 c6 9.
Nbd2 Nbd7 10.exd5 cxd5 11.d4 e4 12.Ne1 Nb6 13.Nc2 h5 14.a4 a5 15.Re1 h4 
16.f3 hxg3 17.hxg3 Qd6 18.fxe4 dxe4 19.c4 Be6 20.Qc3 Qd7 21.b3 Bh3 22.Bb2 
Bxg2 23.Kxg2 Nbd5 24.cxd5 Nxd5 25.Qc4 Rac8 26.Nxe4 Rxc4 27.bxc4 Qc6 28.Na3
Rxe4 29.Rxe4 Ne3+ 30.Kf3 f5 0-1

[Event "14th EUR-ch"]
[Site "Legnica POL"]
[Date "2013.05.10"]
[Round "6"]
[White "Aghasarian, Robert"]
[Black "Kuljasevic, Davorin"]
[Result "1-0"]
[WhiteElo "2445"]
[BlackElo "2578"]
[EventDate "2013.05.05"]
[PlyCount "80"]

1.d4 Nf6 2.c4 e6 3.Nc3 Bb4 4.f3 c5 5.a3 Bxc3+ 6.bxc3 Nc6 7.e4 O-O 8.d5 Na5
9.Bg5 h6 10.Bh4 Re8 11.Bd3 b5 12.dxe6 Rxe6 13.cxb5 d5 14.Ne2 g5 15.Bf2 
dxe4 16.Bxe4 Qxd1+ 17.Rxd1 Nxe4 18.fxe4 Rxe4 19.Rd8+ Kg7 20.h3 Nb7 21.Rd2 
Ra4 22.O-O Rxa3 23.Bg3 f6 24.Bc7 Be6 25.Ng3 Kg6 26.Ne4 f5 27.Nd6 Nxd6 28.
Rxd6 Kf7 29.Bd8 Ra4 30.Re1 Re4 31.Ra1 Bc8 32.Rxh6 Re6 33.Rh7+ Kg6 34.Rc7 
Rd6 35.Be7 Rb6 36.c4 Rb7 37.Rc6+ Kf7 38.Bxg5 Be6 39.Rxc5 Bc8 40.Be3 Be6 
1-0

[Event "14th EUR-ch"]
[Site "Legnica POL"]
[Date "2013.05.10"]
[Round "6"]
[White "Khaetsky, Roman"]
[Black "Oleksienko, Mykhailo"]
[Result "0-1"]
[WhiteElo "2426"]
[BlackElo "2565"]
[EventDate "2013.05.05"]
[PlyCount "104"]

1.f4 d5 2.Nf3 Nf6 3.g3 g6 4.Bg2 Bg7 5.O-O O-O 6.d3 c5 7.Qe1 d4 8.a4 Nc6 9.
Na3 Nd5 10.Bd2 b6 11.h3 Bb7 12.Nc4 a6 13.Nfe5 Nxe5 14.fxe5 Rb8 15.c3 b5 
16.axb5 axb5 17.Na5 Ba8 18.c4 Ne3 19.Bxe3 dxe3 20.Bxa8 Rxa8 21.Nc6 Qc7 22.
cxb5 Bxe5 23.Kg2 Bxb2 24.Rxa8 Rxa8 25.Qb1 Be5 26.Qb3 e6 27.Nxe5 Qxe5 28.
Qc4 Qb2 29.Re1 Qd2 30.Qc1 Qb4 31.Rf1 Qxb5 32.Qxe3 Rc8 33.Rc1 c4 34.Rxc4 
Rxc4 35.dxc4 Qxc4 36.h4 Qd5+ 37.Kf2 Kg7 38.Qc3+ e5 39.Qc1 Qd4+ 40.Kg2 Qe4+
41.Kf2 Qf5+ 42.Kg2 Qg4 43.Qe3 Qd4 44.Qc1 f5 45.Qc7+ Kh6 46.Qe7 Qe3 47.Kh3 
e4 48.Qd6 Qf2 49.Qd1 Kh5 50.e3+ Kh6 51.Qc1 Qe2 52.Qg1 Kh5 0-1

[Event "14th EUR-ch"]
[Site "Legnica POL"]
[Date "2013.05.10"]
[Round "6"]
[White "Grandelius, Nils"]
[Black "Zude, Erik"]
[Result "1-0"]
[WhiteElo "2556"]
[BlackElo "2382"]
[EventDate "2013.05.05"]
[PlyCount "45"]

1.e4 c5 2.Nf3 d6 3.d4 cxd4 4.Nxd4 Nf6 5.Nc3 a6 6.Bc4 e6 7.Bb3 b5 8.O-O Be7
9.Qf3 Qb6 10.Be3 Qb7 11.Qg3 O-O 12.Bh6 Ne8 13.Rad1 Kh8 14.Bg5 Nf6 15.Bxf6 
gxf6 16.Qh4 Rg8 17.Rfe1 Nd7 18.Nd5 Bd8 19.Re3 Nf8 20.Qh6 exd5 21.Bxd5 Qd7 
22.Rg3 Qa7 23.Nc6 1-0

[Event "14th EUR-ch"]
[Site "Legnica POL"]
[Date "2013.05.10"]
[Round "6"]
[White "Lubczynski, Rafal"]
[Black "Gritsak, Orest"]
[Result "1/2-1/2"]
[WhiteElo "2419"]
[BlackElo "2549"]
[EventDate "2013.05.05"]
[PlyCount "82"]

1.Nf3 c5 2.c4 Nc6 3.d4 cxd4 4.Nxd4 Nf6 5.Nc3 e6 6.g3 Bc5 7.Nc2 Qb6 8.e3 d5
9.b3 Ne4 10.Nxe4 dxe4 11.Bg2 f5 12.Bb2 e5 13.Qd5 Ke7 14.O-O-O Be6 15.Qd2 
a5 16.Kb1 Rhd8 17.Qc3 Rxd1+ 18.Rxd1 Rd8 19.Rxd8 Qxd8 20.Kc1 Nb4 21.Nxb4 
Bxb4 22.Qc2 Qd6 23.Qd1 b6 24.Bf1 g5 25.Qxd6+ Kxd6 26.Kd1 f4 27.h3 Bd7 28.
a3 Bc5 29.Kd2 Bf5 30.Bc1 Kc6 31.Kc3 Bd6 32.b4 axb4+ 33.axb4 h5 34.Bd2 f3 
35.Be1 Be6 36.Bd2 Be7 37.Be1 Bd6 38.Bd2 Be7 39.Be1 Bf8 40.Bd2 Bd6 41.b5+ 
Kd7 1/2-1/2

[Event "14th EUR-ch"]
[Site "Legnica POL"]
[Date "2013.05.10"]
[Round "6"]
[White "Kanter, Eduard"]
[Black "Sanikidze, Tornike"]
[Result "1/2-1/2"]
[WhiteElo "2418"]
[BlackElo "2549"]
[EventDate "2013.05.05"]
[PlyCount "142"]

1.d4 Nf6 2.c4 e6 3.Nf3 c5 4.d5 exd5 5.cxd5 d6 6.Nc3 g6 7.h3 a6 8.a4 Bg7 9.
e4 O-O 10.Bd3 Re8 11.O-O Nbd7 12.Re1 Nh5 13.Bg5 Bf6 14.Bh6 Ne5 15.Be2 
Nxf3+ 16.Bxf3 Ng7 17.Qd2 Be5 18.a5 Rb8 19.Na4 Bd7 20.Nb6 Bb5 21.Rac1 f5 
22.Bg5 Bf6 23.Bxf6 Qxf6 24.b4 fxe4 25.Bxe4 cxb4 26.Qxb4 Rf8 27.Bf3 Nf5 28.
Re4 Rbe8 29.Bg4 Nh4 30.f4 g5 31.Be6+ Kh8 32.Qc3 Qxc3 33.Rxc3 gxf4 34.Rc7 
f3 35.gxf3 Nxf3+ 36.Kg2 Ng5 37.Re3 Nxe6 38.Rxe6 Rxe6 39.dxe6 Re8 40.e7 Kg7
41.Nc8 Bc6+ 42.Kf2 Kf6 43.Ke3 Ke5 44.Na7 Bg2 45.h4 h5 46.Kf2 Be4 47.Ke2 
Ke6 48.Nc8 Bc6 49.Kd2 Bd7 50.Nb6 Rxe7 51.Rxb7 Bc6 52.Rxe7+ Kxe7 53.Ke3 Kf6
54.Kd4 Kf5 55.Nc4 Kg4 56.Nxd6 Kxh4 57.Ke3 Kg3 58.Nf5+ Kg4 59.Nh6+ Kg5 60.
Nf7+ Kf5 61.Kf2 Bd5 62.Nd6+ Ke5 63.Ne8 Bc6 64.Nc7 Bb7 65.Kg3 Kd6 66.Ne8+ 
Kc5 67.Kh4 Bf3 68.Nc7 Be2 69.Nxa6+ Bxa6 70.Kxh5 Kb5 71.Kh6 Kxa5 1/2-1/2